000
00329nam a2200133Ia 4500
008
151001s9999||||xx |||||||||||||| ||und||
100
_a
ना सी फडके
245
_a
चाहूल
250
_a
2
260
_b
अंजली प्रकाशन पुणे
260
_c
1954
300
_a
305
365
_b
8
999
_c
950182
_d
950179